Statistics for Best Selling Nintendo 64 Games

Click here to take the quiz!

General Stats

  • This quiz has been taken 735 times
  • The average score is 7 of 13

Answer Stats

HintAnswer% Correct
1996Super Mario 64
92%
1997Mario Kart 64
82%
1997GoldenEye 007
76%
1998The Legend of Zelda: Ocarina of Time
76%
1999Super Smash Bros
61%
1997Starfox 64
55%
1996Banjo-Kazooie
55%
1999Donkey Kong 64
53%
2000Pokemon Stadium
45%
1997Diddy Kong Racing
36%
1999Pokemon Snap
32%
2000The Legend of Zelda: Majora's Mask
31%
1999Star Wars Episode One Racer
3%

Score Distribution

Percentile by Number Answered

Percent of People with Each Score

Your Score History

You have not taken this quiz